00749nam a2200229Ia 450000500170000000800410001702000150005804100080007308200160008110000210009724500850011825000220020330000400022565000290026565000200029470000330031426400490034733600270039633700330042333800280045604000350048420220316235726.0121119s1993 mx gr 000 0 spa  a96816409261 aspa04a610.9bH19H1 aHayward, John A.10aHistoria de la medicina cpor John A. Hayward ; traducción de Carlos M. Torres aPrimera edición a321 páginasbilustracionesc18 cm14aMedicinaxHistoria2LEMB14aMédicos2LEMB1 aTorres, Carlos M.etraductor aMéxicobFondo de Cultura Económicac1993 atextobtxt2rdacontent asin mediaciónbn2rdamedia avolumenbnc2rdacarrier aCO-BoRNBPbspaerdacCO-BoRNBP